[Event "Montigny le Bretonneux op 19th"]
[Site "Montigny le Bretonneux"]
[Date "2021.10.25"]
[Round "3"]
[White "Rafalimanana, Hary"]
[Black "Aidan, David"]
[Result "1-0"]
[WhiteElo "1238"]
[BlackElo "1399"]
[PlyCount "81"]
[EventDate "2021.10.23"]
[EventType "swiss"]
[EventRounds "7"]
[EventCountry "FRA"]
[SourceTitle "CBM 204 Extra"]
[Source "ChessBase"]
[SourceDate "2021.11.30"]
[SourceVersion "1"]
[SourceVersionDate "2021.11.30"]
[SourceQuality "1"]

1. d4 d5 2. Nf3 f5 3. Ne5 Nf6 4. Bf4 e6 5. Nd2 Nc6 6. Ndf3 Ng4 7. Nxc6 bxc6 8. e3 Bd6 9. h3 Nf6 10. Ne5 0-0 11. Nxc6 Qd7 12. Ne5 Qe7 13. Bd3 Qe8 14. g4 Bxe5 15. Bxe5 c6 16. Rg1 g6 17. gxf5 exf5 18. h4 c5 19. c3 c4 20. Bc2 Ng4 21. Bf4 Bd7 22. h5 gxh5 23. f3 Rf6 24. fxg4 hxg4 25. Qf3 Be6 26. Qh3 Rd8 27. 0-0-0 Rf7 28. Qh6 Qe7 29. Bg5 Qf8 30. Qxe6 Re8 31. Qxd5 Kh8 32. Bf4 Rd8 33. Qxc4 Rc8 34. Qxf7 Qxf7 35. Bb3 Qe7 36. Be5+ Qxe5 37. dxe5 h5 38. Rd7 a5 39. e6 Kg8 40. e7+ Kg7 41. e8Q+ 1-0